<?xml version="1.0" encoding="UTF-8"?><?xml-stylesheet type="text/xsl" href="static/style.xsl"?><OAI-PMH xmlns="http://www.openarchives.org/OAI/2.0/" xmlns:xsi="http://www.w3.org/2001/XMLSchema-instance" xsi:schemaLocation="http://www.openarchives.org/OAI/2.0/ http://www.openarchives.org/OAI/2.0/OAI-PMH.xsd"><responseDate>2026-04-13T12:33:39Z</responseDate><request verb="GetRecord" identifier="oai:www.recercat.cat:2117/98755" metadataPrefix="marc">https://recercat.cat/oai/request</request><GetRecord><record><header><identifier>oai:recercat.cat:2117/98755</identifier><datestamp>2026-01-21T09:29:27Z</datestamp><setSpec>com_2072_1033</setSpec><setSpec>col_2072_452950</setSpec></header><metadata><record xmlns="http://www.loc.gov/MARC21/slim" xmlns:dcterms="http://purl.org/dc/terms/" xmlns:xsi="http://www.w3.org/2001/XMLSchema-instance" xmlns:doc="http://www.lyncode.com/xoai" xsi:schemaLocation="http://www.loc.gov/MARC21/slim http://www.loc.gov/standards/marcxml/schema/MARC21slim.xsd">
   <leader>00925njm 22002777a 4500</leader>
   <datafield ind2=" " ind1=" " tag="042">
      <subfield code="a">dc</subfield>
   </datafield>
   <datafield ind2=" " ind1=" " tag="720">
      <subfield code="a">Maqueda González, María de los Ángeles</subfield>
      <subfield code="e">author</subfield>
   </datafield>
   <datafield ind2=" " ind1=" " tag="720">
      <subfield code="a">Roca, Emma</subfield>
      <subfield code="e">author</subfield>
   </datafield>
   <datafield ind2=" " ind1=" " tag="720">
      <subfield code="a">Brotons, Daniel</subfield>
      <subfield code="e">author</subfield>
   </datafield>
   <datafield ind2=" " ind1=" " tag="720">
      <subfield code="a">Soria Fernández, José Manuel</subfield>
      <subfield code="e">author</subfield>
   </datafield>
   <datafield ind2=" " ind1=" " tag="720">
      <subfield code="a">Perera Lluna, Alexandre</subfield>
      <subfield code="e">author</subfield>
   </datafield>
   <datafield ind2=" " ind1=" " tag="260">
      <subfield code="c">2015</subfield>
   </datafield>
   <datafield ind2=" " ind1=" " tag="520">
      <subfield code="a">This study aims to assess the gene regulatory response from a group of 16 athletes and to observe the plasticity induced by their training regime on the gene expression response after their participation in an 82km race. Blood samples for differential gene expression (DGE) were collected before and after this effort from two groups of runners with different training regimes: elite and active. Analyses only focused on genes annotated as related to cardiac function (CF) and neural regulation (NR) from the KEGG PATHWAY Database. Thus, 13 pathways were considered accounting for a total of 629 genes.&#xd;
Training regime modulated the response to exercise based on a list of 18 ranked genes with significant DGE for elite runners while remained statistically insignificant for active athletes. UQCR11, COX7C and COX4I1 genes, related to mitochondrial respiratory chain, were down-regulated which may indicate mitochondrial function impairment in cardiac muscle. Increased expression levels were obtained for PIK3R2, PLCG2, IRAK3 genes from the positive signaling cascades of neurotrophins pathway, which may reveal an improved heart rate control thanks to a better cardiac sympathetic innervation.</subfield>
   </datafield>
   <datafield ind2=" " ind1=" " tag="520">
      <subfield code="a">Postprint (author's final draft)</subfield>
   </datafield>
   <datafield tag="653" ind2=" " ind1=" ">
      <subfield code="a">Àrees temàtiques de la UPC::Enginyeria biomèdica::Electrònica biomèdica::Electrònica en cardiologia</subfield>
   </datafield>
   <datafield tag="653" ind2=" " ind1=" ">
      <subfield code="a">Bioengineering</subfield>
   </datafield>
   <datafield tag="653" ind2=" " ind1=" ">
      <subfield code="a">Bioenginyeria</subfield>
   </datafield>
   <datafield ind2="0" ind1="0" tag="245">
      <subfield code="a">Training-induced gene expression plasticity in cardiac function and neural regulation for ultra-trail runners</subfield>
   </datafield>
</record></metadata></record></GetRecord></OAI-PMH>